[Event "Ch Germany (juniors) (club) (under 20)"]
[Site "Chemnitz (Germany)"]
[Date "2009.12.30"]
[Round "7"]
[White "Carlstedt Jonathan (GER)"]
[Black "Fox Jonas (GER)"]
[Result "1-0"]
[WhiteElo "2309"]
[BlackElo "2031"]

1.c4 e5 2.g3 g6 3.Bg2 Nc6 4.Nc3 Bg7 5.d3 d6 6.Rb1 Be6 7.e3 Qd7 8.h3 Nge7
9.Nge2 O-O 10.Nd5 Nd8 11.Nxe7+ Qxe7 12.O-O f5 13.b3 Bf7 14.f4 c6 15.Ba3 a5
16.Re1 Ne6 17.Qd2 Rfd8 18.fxe5 Bxe5 19.d4 Bg7 20.e4 fxe4 21.Bxe4 Qc7 22.d5
Qb6+ 23.Kh1 Nc5 24.Bg2 Qc7 25.Rbd1 h6 26.dxc6 bxc6 27.Nd4 Ra6 28.Qf4 Rd7
29.Qf3 Bxd4 30.Rxd4 Ne6 31.Rde4 Ng5 32.Re8+ Kh7 33.Bb2 Bxe8 34.Rxe8 {#r} 1-0

[Event "It (open)"]
[Site "Gijon (Spain)"]
[Date "2010.01.04"]
[Round "8"]
[White "Gallinar Canedo David (ESP)"]
[Black "Lobo Jesus Rodriguez (ESP)"]
[Result "0-1"]
[WhiteElo "1799"]
[BlackElo "2240"]

1.c4 e5 2.Nc3 Nc6 3.g3 g6 4.Bg2 Bg7 5.d3 d6 6.Nf3 Nge7 7.O-O O-O 8.e4 f5
9.exf5 Bxf5 10.Nh4 Qd7 11.Nxf5 Nxf5 12.Bh3 Rad8 13.Qg4 Nb4 14.Qe4 c6 15.a3 Nc2
16.Rb1 Ncd4 17.Ne2 d5 18.Bxf5 gxf5 19.Qe3 f4 {#R} 0-1

[Event "Czech League 2009/10 (2nd) (e)"]
[Site "Czech Republic"]
[Date "2010.01.17"]
[Round "5"]
[White "Horsak Jan (CZE)"]
[Black "Mikulu Lukas"]
[Result "1-0"]
[WhiteElo "2112"]
[BlackElo "1978"]

1.c4 e5 2.Nc3 Nc6 3.g3 g6 4.Bg2 Bg7 5.d3 d6 6.Nf3 Nge7 7.Bg5 h6 8.Bd2 Be6
9.Qc1 Qc8 10.h4 Nf5 11.Rb1 Nfd4 12.Nxd4 Nxd4 13.b4 Bg4 14.b5 Rb8 15.f3 Bd7
16.e3 Ne6 17.Bh3 Nc5 18.Bxd7+ Qxd7 19.Ke2 f5 20.e4 O-O 21.Be3 fxe4 22.Nxe4
Nxd3 23.Kxd3 Rxf3 24.Rf1 Rxf1 25.Qxf1 d5 26.Nf6+ Bxf6 27.Qxf6 dxc4+ 28.Kxc4
Qg4+ 29.Kd3 e4+ 30.Kc4 Qe2+ 31.Kd5 Qd3+ 32.Bd4 c6+ 33.Kd6 Qxg3+ 34.Be5 Qa3+
35.Kc7 Qf8 36.Qh8+ Kf7 37.Rf1+ Ke7 38.Bd6+ {#r} 1-0

[Event "Czech League 2009/10 (1st) East"]
[Site "Czech Republic"]
[Date "2010.02.07"]
[Round "8"]
[White "Belohlavek Petr (CZE)"]
[Black "Lanc Alois (SVK)"]
[Result "0-1"]
[WhiteElo "2221"]
[BlackElo "2389"]

1.c4 g6 2.g3 Bg7 3.Bg2 e5 4.Nc3 Nc6 5.d3 d6 6.f4 Nh6 7.Nf3 exf4 8.Bxf4 Nf5
9.Qd2 h6 10.e4 Nfd4 11.O-O-O Be6 12.Be3 Nxf3 13.Bxf3 Ne5 14.Be2 c5 15.b3 Nc6
16.Rdf1 a6 17.h3 b5 18.Nd5 Bxd5 19.exd5 Ne5 20.h4 h5 21.Rf2 Qc7 22.Bf4 a5
23.cxb5 a4 24.Bxe5 Bxe5 25.Bd1 axb3 26.Bxb3 Qd7 27.a4 Qg4 28.Re1 O-O 29.Re4
Qxg3 30.Rg2 Qh3 31.Kc2 Bg7 32.Rh2 Qf1 33.Qe2 Qa1 34.d4 cxd4 35.Qd3 Rfc8+
36.Kd2 Rc3 {#R} 0-1

[Event "Ch USA (amateur) (team) East"]
[Site "Parsippany (USA)"]
[Date "2010.02.15"]
[Round "5"]
[White "Frumkin Edward (USA)"]
[Black "Fang Joseph (USA)"]
[Result "0-1"]
[WhiteElo "1997"]
[BlackElo "2316"]

1.c4 g6 2.g3 Bg7 3.Bg2 d6 4.Nc3 e5 5.d3 Nc6 6.e3 Be6 7.Nge2 Qd7 8.h3 Nge7
9.Nd5 Rb8 10.e4 O-O 11.g4 f5 12.f3 Rf7 13.O-O Rbf8 14.Ne3 Nd4 15.exf5 gxf5
16.Nxd4 exd4 17.Nxf5 Nxf5 18.gxf5 Rxf5 19.f4 R5f6 20.Rf3 Kh8 21.Bd2 Rg6 22.Kh2
Rg8 23.Qe2 Bf6 24.Rg1 Bf5 25.Be1 Qg7 26.Qf1 c6 27.Bf2 Qh6 28.Bh1 Rxg1 29.Bxg1
c5 30.Rg3 Rxg3 31.Kxg3 Qg6+ 32.Kh2 Bxd3 33.Qf3 Bh4 34.b3 Be4 35.Qg4 Qxg4
36.hxg4 Bxh1 37.Kxh1 d3 38.Be3 Be1 {#R} 0-1

[Event "Ch USA (amateur) (team) East"]
[Site "Parsippany (USA)"]
[Date "2010.02.15"]
[Round "6"]
[White "Resika Nathan A (USA)"]
[Black "Selzler Richard (USA)"]
[Result "0-1"]
[WhiteElo "2234"]
[BlackElo "2222"]

1.c4 g6 2.g3 Bg7 3.Bg2 e5 4.Nc3 Nc6 5.d3 d6 6.e4 h5 7.h4 Nh6 8.Nge2 Be6 9.Nd5
O-O 10.O-O f5 11.Bg5 Qd7 12.exf5 Nxf5 13.Be4 Kh7 14.Nec3 Ncd4 15.Ne2 Nxe2+
16.Qxe2 c6 17.Ne3 d5 18.Nxf5 Bxf5 19.cxd5 cxd5 20.Bxf5 Rxf5 21.Rac1 Raf8
22.Be3 b6 23.Rc2 Rf3 24.Kg2 Qg4 25.Bg5 e4 26.dxe4 dxe4 27.Rc4 Be5 28.Rc3 Bxg3
{#R} 0-1

[Event "Ch Moscow (1/2 final)"]
[Site "Moscow (Russia)"]
[Date "2010.03.07"]
[Round "2"]
[White "Reshetnikov Alexey (RUS)"]
[Black "Pletnev Evgeniy (RUS)"]
[Result "1-0"]
[WhiteElo "2469"]
[BlackElo "2224"]

1.c4 Nc6 2.Nc3 d6 3.g3 g6 4.Bg2 Bg7 5.d3 e5 6.Rb1 f5 7.e3 Nf6 8.b4 O-O 9.Nge2
Kh8 10.O-O Ne7 11.b5 g5 12.f4 gxf4 13.exf4 Qe8 14.fxe5 dxe5 15.d4 Ng6 16.dxe5
Qxe5 17.Nd5 Nxd5 18.cxd5 Bd7 19.Kh1 Qd6 20.Nf4 Rae8 21.Qa4 Qb6 22.Ba3 Rf7
23.Ne6 Bxe6 24.dxe6 Qxe6 25.Bb4 f4 26.Rbe1 Qd7 27.Rd1 Qc8 28.Qxa7 f3 29.Rxf3
Rxf3 30.Bxf3 Ne5 31.Qxb7 Qf5 32.Re1 Rd8 33.Be4 Qh3 34.Bg2 Qd7 35.Bc3 Ng4
36.Qf3 Bd4 37.Rd1 {#r} 1-0

[Event "Bundesliga 2009/10 (w)"]
[Site "Germany"]
[Date "2010.03.13"]
[Round "8"]
[White "Tammert-Tvauri Iamze (GER)"]
[Black "Richter Helmut (GER)"]
[Result "1-0"]
[WhiteElo "2272"]
[BlackElo "1950"]

1.c4 e5 2.Nc3 Nc6 3.g3 g6 4.Bg2 Bg7 5.d3 d6 6.Nf3 f5 7.Bg5 Nf6 8.Nd5 h6 9.Bxf6
Bxf6 10.Nd2 a5 11.Rb1 Kf7 12.a3 Nd4 13.e3 Ne6 14.b4 axb4 15.axb4 c6 16.Nxf6
Qxf6 17.O-O h5 18.b5 c5 19.Ra1 Rxa1 20.Qxa1 h4 21.Qa7 g5 22.Ra1 hxg3 23.hxg3
Qe7 24.Qb6 Kf6 25.Ra7 Nd8 26.Ra8 Nf7 27.Rb8 e4 28.dxe4 Ne5 29.Ra8 Qh7 30.Qxd6+
{#r} 1-0

[Event "Liga Mazowiecka 2009/10"]
[Site "Poland"]
[Date "2010.03.28"]
[Round "9"]
[White "Milkowska Ernesta (POL)"]
[Black "Kazmierczak Ewa (POL)"]
[Result "1-0"]
[WhiteElo "1828"]
[BlackElo "1434"]

1.c4 e5 2.Nc3 Nc6 3.g3 g6 4.Bg2 Bg7 5.d3 d6 6.e4 Nf6 7.Nge2 O-O 8.O-O Be6 9.h3
Qd7 10.Kh2 Ne8 11.Be3 f5 12.f4 Nd4 13.Rb1 a5 14.Qd2 Nxe2 15.Qxe2 Rb8 16.Rbe1
Nf6 17.fxe5 dxe5 18.Bc5 Rfe8 19.Nd5 b6 20.Be3 Rf8 21.Bg5 Nh5 22.exf5 Bxf5
23.g4 {#r} 1-0

[Event "It (open)"]
[Site "Victoria (Canada)"]
[Date "2010.04.04"]
[Round "5"]
[White "Moore Harry (CAN)"]
[Black "Yoos Jack"]
[Result "0-1"]
[WhiteElo "2278"]
[BlackElo "2444"]

1.c4 e5 2.Nc3 Nc6 3.g3 g6 4.Bg2 d6 5.d3 Bg7 6.Rb1 a5 7.a3 f5 8.e3 Nf6 9.b4
axb4 10.axb4 O-O 11.Nge2 Ne7 12.O-O c6 13.b5 Be6 14.Qb3 g5 15.f4 gxf4 16.gxf4
Qe8 17.fxe5 dxe5 18.Ba3 Ng4 19.Rf3 e4 20.dxe4 Ne5 21.Rg3 Bxc4 22.Qb4 N7g6
23.bxc6 bxc6 24.exf5 Rxf5 25.Nd4 Rf7 26.Bc1 Rc8 27.Ne4 c5 28.Nxc5 Bf8 29.Nc6
Rxc6 30.Bxc6 Rf1+ {#R} 0-1

[Event "Extraliga 2009/10 (juniors)"]
[Site "Czech Republic"]
[Date "2010.04.23"]
[Round "8"]
[White "Ruzicka Vaclav"]
[Black "Naplava Pavel (CZE)"]
[Result "1-0"]
[WhiteElo "2181"]
[BlackElo "1914"]

1.c4 e5 2.Nc3 Nc6 3.g3 d6 4.Bg2 g6 5.d3 Bg7 6.e4 Nge7 7.Be3 O-O 8.Nge2 h6
9.Qd2 Kh7 10.h4 f5 11.f4 Ng8 12.h5 gxh5 13.O-O-O Nf6 14.Nd5 Ng4 15.Rxh5 Nxe3
16.Nxe3 Ne7 17.Rdh1 Rf6 18.exf5 exf4 19.Nxf4 Nxf5 20.Be4 Kg8 21.Bxf5 Bxf5
22.Nxf5 Qd7 23.Nd5 {#r} 1-0

[Event "Czech League 2009/10 (1st) (juniors)"]
[Site "Czech Republic"]
[Date "2010.04.25"]
[Round "10"]
[White "Kolomy Stepan"]
[Black "Vlckova Katerina"]
[Result "0-1"]
[WhiteElo "1250"]
[BlackElo "1616"]

1.c4 e5 2.Nc3 Nc6 3.g3 g6 4.Bg2 Bg7 5.d3 d6 6.e4 Nge7 7.Nge2 O-O 8.O-O f5 9.f4
Rb8 10.Qb3 Kh8 11.Be3 exf4 12.Bxf4 Nd4 13.Nxd4 Bxd4+ 14.Kh1 Nc6 15.exf5 Bxf5
16.Bh6 Re8 17.Bd5 Ne5 18.Be4 Bh3 19.Rfe1 Ng4 20.Bg2 Nf2+ 21.Kg1 Nxd3+ 22.Kh1
Bxg2+ 23.Kxg2 Nxe1+ {#R} 0-1

[Event "Ch France (team) 2010"]
[Site "France"]
[Date "2010.05.01"]
[Round "6"]
[White "Roos Daniel (FRA)"]
[Black "Laznicka Viktor (CZE)"]
[Result "0-1"]
[WhiteElo "2401"]
[BlackElo "2690"]

1.c4 e5 2.g3 Nc6 3.Bg2 g6 4.Nc3 Bg7 5.d3 d6 6.Rb1 f5 7.e3 Nf6 8.Nge2 O-O 9.O-O
Ne7 10.Bd2 c6 11.b4 d5 12.cxd5 cxd5 13.Qb3 Be6 14.Rfc1 Bf7 15.Qb2 Qd7 16.b5 b6
17.a4 g5 18.Na2 Bh5 19.Bc3 Ng6 20.Nb4 f4 21.exf4 gxf4 22.f3 e4 23.dxe4 dxe4
24.Qb3+ Kh8 25.Rd1 Qb7 26.Bxf6 Bxf6 27.Qd5 Qxd5 28.Nxd5 exf3 29.Nexf4 f2+
30.Kxf2 Bxd1 31.Rxd1 Bg5 32.Kg1 Bxf4 33.gxf4 Rac8 34.Bh3 Rcd8 {#R} 0-1

[Event "It (open)"]
[Site "Fourmies (France)"]
[Date "2010.05.23"]
[Round "4"]
[White "Haub Thorsten-Michael (GER)"]
[Black "Kazhgaleyev Murtas (KAZ)"]
[Result "0-1"]
[WhiteElo "2498"]
[BlackElo "2620"]

1.g3 e5 2.Bg2 d6 3.d3 g6 4.c4 Bg7 5.Nc3 Nc6 6.Nf3 f5 7.O-O h6 8.Rb1 Nf6 9.b4
O-O 10.b5 Ne7 11.Bb2 Be6 12.Ne1 c6 13.Nc2 Qd7 14.Nb4 f4 15.bxc6 bxc6 16.Qa4
Rac8 17.Na6 Bh3 18.Ba3 Bxg2 19.Kxg2 Nf5 20.Qb4 Ng4 21.Bc1 fxg3 22.hxg3 Nh4+
23.Kg1 Ne3 {#R} 0-1

[Event "Match 4 Teams (w)"]
[Site "Gmunden (Austria)"]
[Date "2010.05.24"]
[Round "3"]
[White "Hapala Michalea (AUT)"]
[Black "Bauer Marie-Christine (AUT)"]
[Result "1-0"]
[WhiteElo "1821"]
[BlackElo "1871"]

1.c4 e5 2.g3 Nc6 3.Bg2 g6 4.Nc3 Bg7 5.d3 d6 6.Nf3 Nge7 7.Bd2 O-O 8.Qc1 Be6
9.Bh6 Qc8 10.Bxg7 Kxg7 11.h4 Rh8 12.h5 h6 13.hxg6 fxg6 14.Qd2 a6 15.b3 b5
16.d4 b4 17.Ne4 exd4 18.Nxd4 Bd7 19.O-O-O a5 20.Qb2 Ne5 21.f4 Re8 22.fxe5 dxe5
23.Nf3 Nc6 24.Qd2 {#r} 1-0

[Event "Tournament (Elo)"]
[Site "Ho Chi Minh City (Vietnam)"]
[Round "2"]
[White "Tran Quoc Dung (VIE)"]
[Black "Tran Ly Vu (VIE)"]
[Result "1-0"]
[WhiteElo "2310"]
[BlackElo "1662"]

1.c4 e5 2.Nc3 Nc6 3.g3 g6 4.Bg2 Bg7 5.d3 d6 6.Nf3 Nge7 7.O-O O-O 8.Bd2 Be6
9.Rc1 Qd7 10.Ng5 Nd8 11.b4 c6 12.a4 f6 13.Nxe6 Qxe6 14.b5 Rb8 15.a5 a6 16.Qa4
f5 17.bxa6 bxa6 18.Rb1 Ra8 19.Rb6 f4 20.Na2 Nc8 21.Rxc6 Nxc6 22.Bd5 Qxd5
23.cxd5 Nd4 24.Re1 f3 25.e3 Nf5 26.Nb4 Bh6 27.Qc6 Nce7 28.Qd7 Rac8 29.g4 Rf7
30.gxf5 gxf5 31.Nc6 Kh8 32.Nxe7 Rg8+ 33.Kh1 {#r} 1-0

[Event "Tournament (Elo) \"]
[Site "Warsaw (Poland)"]
[Date "2010.06.02"]
[Round "9"]
[White "Staniak Mariusz (POL)"]
[Black "Kadzinski Wieslaw (POL)"]
[Result "1-0"]
[WhiteElo "1889"]
[BlackElo "1996"]

1.c4 e5 2.g3 Nc6 3.Bg2 g6 4.Nc3 Bg7 5.d3 d6 6.e4 Nge7 7.Nge2 Be6 8.O-O Qd7
9.Nd5 h6 10.Rb1 a5 11.a3 O-O 12.Bxh6 Bh3 13.Bxg7 Kxg7 14.f4 Rh8 15.f5 gxf5
16.Bxh3 Rxh3 17.exf5 f6 18.Nef4 Rh6 19.Qg4+ Kf7 20.Ne6 Rg8 21.Qe4 Nxf5 22.Rxf5
{#r} 1-0

[Event "Tournament (open)"]
[Site "Donostia (Spain)"]
[Date "2010.06.05"]
[Round "7"]
[White "Miguelez Garcia Erlantz (ESP)"]
[Black "Corral Sierra Javier (ESP)"]
[Result "1-0"]
[WhiteElo "1974"]
[BlackElo "2076"]

1.c4 e5 2.Nc3 d6 3.g3 g6 4.Bg2 Bg7 5.d3 Nc6 6.e4 Nf6 7.Nge2 O-O 8.O-O Nh5
9.Be3 Be6 10.Nd5 Qd7 11.Qd2 f5 12.Rab1 Rf7 13.b4 a6 14.exf5 Bxf5 15.b5 axb5
16.cxb5 Nd8 17.Rbc1 Rc8 18.a4 Bh3 19.Bxh3 Qxh3 20.d4 Ne6 21.a5 c6 22.dxe5 dxe5
23.Qa2 Kh8 24.a6 bxa6 25.bxa6 Nd4 26.Bxd4 exd4 27.Nb6 Rcc7 28.Rxc6 Rxc6
29.Qxf7 Nf6 30.a7 Rc8 31.Nxc8 {#r} 1-0

[Event "Ch Switzerland (team) 2010"]
[Site "Switzerland"]
[Date "2010.06.13"]
[Round "4"]
[White "Wirthensohn Heinz (SUI)"]
[Black "Raeber Markus (SUI)"]
[Result "0-1"]
[WhiteElo "2400"]
[BlackElo "2199"]

1.c4 e5 2.g3 Nc6 3.Bg2 g6 4.Nc3 Bg7 5.d3 d6 6.e4 Be6 7.Nge2 Qd7 8.Nd5 Bxd5
9.cxd5 Nce7 10.d4 exd4 11.Nxd4 c5 12.dxc6 bxc6 13.O-O Rb8 14.Nb3 Nf6 15.Bf4
Rd8 16.Qc2 Nh5 17.Bd2 O-O 18.Rad1 Qe6 19.Ba5 Rc8 20.Rd2 c5 21.Rfd1 Be5 22.Bc3
Nc6 23.Bxe5 Qxe5 24.Rd5 Qe7 25.Qd2 Rfd8 26.Rxd6 Rxd6 27.Qxd6 Rd8 28.Qxc6 Rxd1+
29.Bf1 Nf6 30.Nxc5 Rd2 31.Qb5 Qe5 32.b4 Qd4 33.Qb8+ Kg7 34.Qf4 Rxa2 35.Bh3
Qxb4 {#R} 0-1

[Event "It (open)"]
[Site "Pula (Croatia)"]
[Date "2010.06.22"]
[Round "5"]
[White "Skliarov Dimitrij (RUS)"]
[Black "Martinovic Sasa (CRO)"]
[Result "1-0"]
[WhiteElo "2402"]
[BlackElo "2507"]

1.g3 e5 2.c4 Nc6 3.Bg2 g6 4.Nc3 Bg7 5.d3 d6 6.Bd2 f5 7.Qc1 h6 8.h4 Nf6 9.Rb1
a5 10.Nd5 Nd4 11.Nf3 Ne6 12.b3 c6 13.Nc3 Ng4 14.Nh2 Nxh2 15.Rxh2 Nc7 16.e4 Ne6
17.h5 Nc5 18.Qc2 g5 19.exf5 Bxf5 20.Ne4 Ne6 21.c5 Nxc5 22.Nxc5 dxc5 23.Be4 Qd7
24.Qc4 b6 25.a4 Rd8 26.Be3 Be6 27.Qa6 Qc7 28.b4 axb4 29.a5 bxa5 30.Bxc5 Kd7
31.d4 exd4 32.Rc1 Ra8 33.Qd3 Qe5 34.f4 gxf4 35.Re2 Rac8 36.Bf3 Qf6 37.Re4 Bd5
38.Bg4+ Kc7 39.Qa6 {#r} 1-0

[Event "Ch Turkey (team)"]
[Site "Konya (Turkey)"]
[Date "2010.07.05"]
[Round "9"]
[White "Sirin Atakan (TUR)"]
[Black "Deruni Berc (TUR)"]
[Result "1-0"]
[WhiteElo "2240"]
[BlackElo "2142"]

1.c4 e5 2.d3 Nc6 3.Nc3 g6 4.g3 Bg7 5.Bg2 d6 6.e3 f5 7.Nge2 Nf6 8.O-O O-O 9.Rb1
Be6 10.Nd5 Rb8 11.b4 Ne7 12.Nec3 a6 13.a4 h6 14.Qc2 g5 15.f4 gxf4 16.Nxf6+
Rxf6 17.exf4 Nc6 18.Nd5 Rf8 19.Bb2 Nd4 20.Bxd4 exd4 21.b5 axb5 22.cxb5 Rc8
23.Rfe1 Re8 24.Nb4 d5 25.Rxe6 Rxe6 26.Bxd5 Qd6 27.Qc4 Re8 28.Re1 Kf7 29.a5 Bf8
30.Rxe6 Rxe6 31.a6 bxa6 32.bxa6 Kg7 33.Bxe6 Qb6 34.Nc2 Bc5 35.Bg8 Kh8 36.Qf7
{#r} 1-0

[Event "It (open)"]
[Site "La Fere (France)"]
[Date "2010.07.05"]
[Round "4"]
[White "Brugge Bruno"]
[Black "Marchyllie Bruno (FRA)"]
[Result "0-1"]
[WhiteElo "1730"]
[BlackElo "2144"]

1.c4 Nc6 2.Nc3 e5 3.g3 g6 4.Bg2 Bg7 5.d3 d6 6.Nf3 f5 7.Bd2 Nf6 8.Bg5 h6 9.Bxf6
Qxf6 10.Nd2 O-O 11.O-O f4 12.e3 g5 13.g4 Be6 14.Bd5 Ne7 15.Qf3 c6 16.Bxe6+
Qxe6 17.e4 Ng6 18.Qh3 f3 19.Nxf3 Rf4 20.Nxe5 Nxe5 21.f3 Raf8 22.Kg2 Rxf3
23.Rxf3 Rxf3 24.Qh5 Rf4 25.h3 Nxd3 {#R} 0-1

[Event "It (open)"]
[Site "Udine (Italy)"]
[Date "2010.07.06"]
[Round "2"]
[White "Castellano Alfonso (ITA)"]
[Black "Tonon Alessandro (ITA)"]
[Result "0-1"]
[WhiteElo "1920"]
[BlackElo "2263"]

1.c4 e5 2.g3 Nc6 3.Bg2 d6 4.d3 g6 5.Nc3 Bg7 6.e4 f5 7.Nge2 Nf6 8.O-O O-O 9.Nd5
Nxd5 10.cxd5 Nd4 11.Nxd4 exd4 12.f4 Re8 13.Qd2 Bd7 14.b4 fxe4 15.dxe4 c6
16.Bb2 Qb6 17.Kh1 cxd5 18.exd5 Bb5 19.Rfe1 Re3 20.Bh3 Rae8 21.Be6+ R8xe6
22.dxe6 Bc6+ 23.Kg1 Qb5 24.e7 Kf7 25.Bxd4 Qd5 26.e8=Q+ Rxe8 27.Kf1 Qh1+ 28.Kf2
Qg2# 0-1

[Event "Ch Poland (team) (juniors) (2 liga)"]
[Site "Chelm (Poland)"]
[Date "2010.07.09"]
[Round "5"]
[White "Brzezinski Mateusz (POL)"]
[Black "Polok Kacper (POL)"]
[Result "0-1"]
[WhiteElo "2004"]
[BlackElo "2071"]

1.c4 e5 2.Nc3 Nc6 3.g3 g6 4.Bg2 Bg7 5.d3 d6 6.e3 h5 7.h4 Nge7 8.Nge2 Bg4 9.f3
Be6 10.e4 Nd4 11.Nxd4 exd4 12.Nd5 c6 13.Nf4 d5 14.cxd5 cxd5 15.Nxe6 fxe6
16.Qb3 O-O 17.O-O Qd6 18.Kh2 Rac8 19.Bd2 dxe4 20.Bb4 Qd7 21.Bh3 Rc6 22.fxe4
Be5 23.Rxf8+ Kxf8 24.Rf1+ Kg7 25.Qa3 Ng8 26.Bf8+ Kh7 27.Qb3 Nf6 28.Rf2 Qc7
29.Rg2 Ng4+ 30.Bxg4 hxg4 31.Qb4 Bf6 32.Qb5 Bxh4 33.e5 Bg5 34.Bd6 Qg7 {#R} 0-1

[Event "It (open)"]
[Site "Oberwart (Austria)"]
[Date "2010.07.16"]
[Round "7"]
[White "Holzer Gerhard (AUT)"]
[Black "Neumeier Klaus (AUT)"]
[Result "0-1"]
[WhiteElo "2203"]
[BlackElo "2374"]

1.c4 g6 2.g3 Bg7 3.Bg2 d6 4.Nc3 e5 5.d3 Nc6 6.Bd2 Nd4 7.e3 Ne6 8.Qc2 c6 9.Nge2
h5 10.h4 a5 11.a3 Nh6 12.Rb1 Ng4 13.b4 axb4 14.axb4 Bd7 15.Ne4 Bf8 16.Bc3 f5
17.Nd2 Bh6 18.Nf1 O-O 19.d4 Kh7 20.dxe5 dxe5 21.Nh2 Nxf2 22.Kxf2 f4 23.gxf4
exf4 24.Nf3 fxe3+ 25.Ke1 Nf4 26.Nxf4 Rxf4 27.Rd1 Qe7 28.Rxd7 Qxd7 29.Qxg6+
Kxg6 30.Ne5+ Kh7 31.Nxd7 Bg7 {#R} 0-1

[Event "It (open)"]
[Site "Dieren (Netherlands)"]
[Date "2010.07.27"]
[Round "1"]
[White "Kabanov Nikolai (RUS)"]
[Black "Visser Yge (NED)"]
[Result "0-1"]
[WhiteElo "2500"]
[BlackElo "2459"]

1.c4 g6 2.Nc3 Bg7 3.g3 e5 4.Bg2 d6 5.d3 Nc6 6.e3 Nge7 7.Nge2 Be6 8.Nd5 Qd7
9.Rb1 O-O 10.b4 Nc8 11.b5 Nd8 12.O-O c6 13.bxc6 bxc6 14.Ndc3 Bh3 15.Ba3 Bxg2
16.Kxg2 f5 17.Qd2 f4 18.f3 fxe3 19.Qxe3 Ne7 20.g4 Ne6 21.Ne4 d5 22.Nc5 Nxc5
23.Bxc5 Rf7 24.Rb3 Re8 25.Ra3 Nc8 26.h4 e4 27.dxe4 dxe4 28.Nf4 Be5 29.Ne2
exf3+ 30.Rxf3 Bd6 31.Qf2 Bxc5 32.Rxf7 Qxf7 {#R} 0-1

[Event "Ch Spain (team) (2 div) (gr.2)"]
[Site "Granada (Spain)"]
[Date "2010.08.08"]
[Round "6"]
[White "Romero Sanchez Jesus (ESP)"]
[Black "Vassallo Mauricio (ESP)"]
[Result "0-1"]
[WhiteElo "2148"]
[BlackElo "2422"]

1.c4 g6 2.g3 Bg7 3.Bg2 e5 4.Nc3 d6 5.d3 Nc6 6.e4 Be6 7.Nge2 Qd7 8.Nd5 Nce7
9.d4 c6 10.Ne3 Bh3 11.O-O Bxg2 12.Kxg2 exd4 13.Nxd4 Nf6 14.Qd3 O-O 15.Rd1 Rad8
16.f3 Qc7 17.Bd2 d5 18.exd5 cxd5 19.Nb5 dxc4 20.Qxc4 Qe5 21.Nc3 Rxd2+ 22.Rxd2
Qxe3 23.Re2 Nf5 24.Qb4 Qd3 25.Rae1 Nd4 26.Re3 Qd2+ {#R} 0-1

[Event "It (open) (active)"]
[Site "Barcelona (Spain)"]
[Date "2010.08.12"]
[Round "3"]
[White "Cruz Cristhian (PER)"]
[Black "Perpinya Rofes Lluis Maria (ESP)"]
[Result "1-0"]
[WhiteElo "2497"]
[BlackElo "2354"]

1.c4 g6 2.g3 Bg7 3.Bg2 Nc6 4.Nc3 e5 5.d3 d6 6.Rb1 a5 7.a3 Nf6 8.e4 O-O 9.Nge2
Nd7 10.b4 axb4 11.axb4 f5 12.Nd5 Nf6 13.exf5 Bxf5 14.b5 Nd4 15.Nxd4 exd4
16.O-O Ra2 17.c5 Kh8 18.Qb3 Re2 19.Nf4 Re7 20.b6 dxc5 21.Ba3 g5 22.Nh3 cxb6
23.Nxg5 Ng4 24.Qxb6 Qxb6 25.Rxb6 Rc7 26.Ne4 Ra8 27.Bc1 Ne5 28.Bf4 Re7 29.Nxc5
Nxd3 30.Bd6 Rf7 31.Nxb7 Raf8 32.Bxf8 Bxf8 33.Nd6 Rf6 34.Rb8 Kg7 35.Ne8+ {#r}
1-0

[Event "It (open)"]
[Site "Stare Mesto (Czech Republic)"]
[Date "2010.08.15"]
[Round "3"]
[White "Plicka Jiri (CZE)"]
[Black "Mikulas Dusan (SVK)"]
[Result "0-1"]
[WhiteElo "1893"]
[BlackElo "2122"]

1.c4 e5 2.Nc3 Nc6 3.g3 g6 4.Bg2 Bg7 5.d3 d6 6.Nf3 Nge7 7.O-O O-O 8.Rb1 h6 9.b4
Be6 10.e4 Qd7 11.b5 Nd8 12.Nd5 Kh7 13.a4 f5 14.Qc2 Rf7 15.Nxe7 Rxe7 16.Ba3 Rf7
17.Nd2 f4 18.c5 dxc5 19.Bxc5 Bh3 20.f3 Bxg2 21.Kxg2 Ne6 22.Nb3 h5 23.Kf2 Bf8
24.Ke1 fxg3 25.hxg3 Bh6 26.Rd1 b6 27.Bg1 Raf8 28.d4 Rxf3 29.Rxf3 Rxf3 30.dxe5
Qf7 31.Bf2 Be3 32.Bxe3 Rxe3+ 33.Kd2 Qf3 34.Nd4 Nxd4 35.Qxc7+ Kh6 {#R} 0-1

[Event "Ch France (open) (a)"]
[Site "Belfort (France)"]
[Date "2010.08.17"]
[Round "7"]
[White "Ricter Jean-Paul (FRA)"]
[Black "Franck Boris (FRA)"]
[Result "1-0"]
[WhiteElo "2117"]
[BlackElo "2105"]

1.c4 g6 2.Nc3 Bg7 3.g3 e5 4.Bg2 d6 5.d3 Nc6 6.e4 Nge7 7.Nge2 O-O 8.O-O Be6
9.Nd5 Qd7 10.Bh6 f5 11.Bxg7 Kxg7 12.Qd2 a5 13.Qc3 Ng8 14.f4 fxe4 15.dxe4 Bg4
16.fxe5 dxe5 17.Nef4 Nd4 18.Kh1 c5 19.Nb6 Qc6 20.Nfd5 Rxf1+ 21.Rxf1 Ra6 22.Qd2
Rxb6 23.Qg5 Be6 24.Qxe5+ Kh6 25.Rf4 g5 26.h4 Bf5 27.hxg5+ Kh5 28.Rh4+ Kg6
29.exf5+ Nxf5 30.Nf4+ Kf7 31.Qxf5+ {#r} 1-0

[Event "It \"]
[Site "Kaunas (Lithuania)"]
[Date "2010.08.26"]
[Round "2"]
[White "Miezis Normunds (LAT)"]
[Black "Tokmachev Mikhail (RUS)"]
[Result "1-0"]
[WhiteElo "2519"]
[BlackElo "2361"]

1.c4 e5 2.Nc3 d6 3.g3 g6 4.Bg2 Bg7 5.d3 Nc6 6.Rb1 f5 7.e4 Nf6 8.Nge2 O-O 9.O-O
Be6 10.Nd5 Qd7 11.f3 Nh5 12.b4 Nd8 13.exf5 gxf5 14.f4 c6 15.Ne3 exf4 16.gxf4
Bf7 17.Bb2 Bg6 18.Bxg7 Qxg7 19.Qd2 Re8 20.d4 Qe7 21.Rb3 Rc8 22.Rf2 Qh4 23.d5
Nf7 24.Nd4 cxd5 25.Bxd5 Nxf4 26.Nexf5 Qg5+ 27.Rg3 Nh3+ 28.Kf1 Qxd2 29.Rxd2 Nf4
30.Bxf7+ Kxf7 31.Rf2 {#r} 1-0

[Event "It (cat.8)"]
[Site "Budapest (Hungary)"]
[Date "2010.09.04"]
[Round "1"]
[White "Mulyar Michael A (USA)"]
[Black "Eid Fadi (LIB)"]
[Result "1-0"]
[WhiteElo "2396"]
[BlackElo "2387"]

1.c4 Nc6 2.Nc3 e5 3.g3 g6 4.Bg2 Bg7 5.d3 d6 6.Nf3 Nf6 7.O-O O-O 8.Rb1 a5 9.a3
Re8 10.Nd2 Nd4 11.b4 axb4 12.axb4 h5 13.Nf3 Ng4 14.Nxd4 exd4 15.Ne4 h4 16.h3
Nh6 17.Bg5 f6 18.Nxf6+ Bxf6 19.Bxh6 hxg3 20.fxg3 Bg5 21.Bxg5 Qxg5 22.g4 Ra2
23.Bf3 Qe3+ 24.Kh1 Kg7 25.Qe1 Rh8 26.Kg2 Qxd3 27.Qf2 Qe3 28.Qxe3 dxe3 29.Rb3
Re8 30.Rc1 Be6 31.Rxe3 Rb2 32.b5 b6 33.Kg3 Bf7 34.Rxe8 Bxe8 35.Ra1 Rc2 36.Ra7
Kf6 37.Rxc7 Bxb5 38.Bd5 Be8 39.Kf2 b5 40.g5+ {#r} 1-0

[Event "Olympiad (w)"]
[Site "Khanty Mansyisk (Russia)"]
[Date "2010.09.25"]
[Round "5"]
[White "Hoang Thi Nhu Y (VIE)"]
[Black "Maisuradze Nino (FRA)"]
[Result "0-1"]
[WhiteElo "2214"]
[BlackElo "2273"]

1.c4 e5 2.Nc3 Nc6 3.g3 g6 4.Bg2 Bg7 5.d3 d6 6.Rb1 Nf6 7.Nf3 O-O 8.O-O Be6
9.Ng5 Bg4 10.b4 h6 11.Nf3 Qd7 12.Re1 a6 13.Nd2 Bh3 14.Bh1 Nh7 15.b5 Nd8 16.Qb3
Kh8 17.Ba3 axb5 18.cxb5 f5 19.Nf3 Ng5 20.Nxg5 hxg5 21.Bg2 Bxg2 22.Kxg2 Ne6
23.Bc1 f4 24.Rh1 Nd4 25.Qc4 Nxe2 26.h4 f3+ 27.Kf1 g4 28.h5 g5 29.h6 Bf6
30.Nxe2 fxe2+ 31.Kxe2 Qf5 32.Rh2 Qf3+ 33.Ke1 e4 34.dxe4 Rae8 35.Be3 Rxe4
36.Qe2 Bc3+ 37.Kd1 Qf5 38.Qd3 Rxe3 39.Qxf5 Re1+ 40.Kc2 Rxf5 {#R} 0-1